000 00674nam a2200205 a 4500
008 031118s1969||||xo 0 slo c
040 _aSNK
_bslo
_cSNK
_eAACR2
041 1 _aslo
_hpol
044 _axo
_cSK
080 _a884-3
100 1 _aDąbrowska, Maria
_4aut
245 1 0 _aNoci a dni 2
_n1
_n2
_n3
_n4
_n5
_cMaria Dąbrowska ; (z poľ. orig. prel. M. Babiaková-Bajová)
260 _aBratislava
_bTatran
_c1969
_eTurčiansky Sv. Martin
_fKníhtlačiarsky účastinársky spolok
300 _a2. 330, [2] s.
_a3. 450, [2] s.
_a4. 389, [2] s.
_a5. 587, [2] s.
490 0 _aKnihy Živeny
650 0 7 _aromány poľské
_2SNK
700 1 _4trl
020 _c58
958 _aAUL
999 _c10348
_d10348